Southville International School and Colleges
Your cart is empty.
  • Cart
  • Lists
    Public lists Eva Luna New books Lux_list list_1
    Your lists Log in to create your own lists
  • Log in to your account
  • Your cookies
  • Search history
Southville International School and Colleges
  • Advanced search
  • Recent comments
  • Most popular
  • Libraries

Log in to your account

Log in with GOOGLE


If you do not have an external account, but do have a local account, you can still log in:

  1. Home
  2. MARC view: Essential Thai phrase book /
Normal view MARC view ISBD view

Essential Thai phrase book / (Record no. 15131)

[ view plain ]
MARC details
000 -LEADER
fixed length control field 01442cam a22003854a 4500
001 - CONTROL NUMBER
control field 13357030
003 - CONTROL NUMBER IDENTIFIER
control field OSt
005 - DATE AND TIME OF LATEST TRANSACTION
control field 20140310182657.0
008 - FIXED-LENGTH DATA ELEMENTS--GENERAL INFORMATION
fixed length control field 030929s2004 maua 000 0 eng
010 ## - LIBRARY OF CONGRESS CONTROL NUMBER
LC control number 2003113437
020 ## - INTERNATIONAL STANDARD BOOK NUMBER
International Standard Book Number 0794600395
035 ## - SYSTEM CONTROL NUMBER
System control number (DLC) 2003113437
040 ## - CATALOGING SOURCE
Original cataloging agency DLC
Transcribing agency DLC
Modifying agency DLC
041 1# - LANGUAGE CODE
Language code of text/sound track or separate title eng
-- tha
Language code of original and/or intermediate translations of text tha
042 ## - AUTHENTICATION CODE
Authentication code pcc
050 00 - LIBRARY OF CONGRESS CALL NUMBER
Classification number PL 4163
Item number .G65 2004
082 00 - DEWEY DECIMAL CLASSIFICATION NUMBER
Classification number M 495.5
Item number G56 2004
100 1# - MAIN ENTRY--PERSONAL NAME
Personal name Golding, Michael.
245 10 - TITLE STATEMENT
Title Essential Thai phrase book /
Statement of responsibility, etc compiled by Michael Golding & Benjawan Jai-Ua.
260 ## - PUBLICATION, DISTRIBUTION, ETC. (IMPRINT)
Place of publication, distribution, etc Singapore :
Name of publisher, distributor, etc Berkeley Books Pte Ltd.,
Date of publication, distribution, etc c2004.
300 ## - PHYSICAL DESCRIPTION
Extent 159 p. :
Other physical details col. : ill. ;
Dimensions 19 cm.
440 #0 - SERIES STATEMENT/ADDED ENTRY--TITLE
Title Periplus essential phrase books
521 ## - TARGET AUDIENCE NOTE
Target audience note
526 ## - STUDY PROGRAM INFORMATION NOTE
Reading level 1210L-1700L
541 ## - IMMEDIATE SOURCE OF ACQUISITION NOTE
-- 1
546 ## - LANGUAGE NOTE
Language note In English and Thai
Information code or alphabet includes Thai (romanised).
562 ## - COPY AND VERSION IDENTIFICATION NOTE
Number of copies 1
650 #0 - SUBJECT ADDED ENTRY--TOPICAL TERM
Topical term or geographic name as entry element Thai language
Form subdivision Conversation and phrase books
General subdivision English.
856 41 - ELECTRONIC LOCATION AND ACCESS
Materials specified Table of contents only
Uniform Resource Identifier <a href="http://www.loc.gov/catdir/enhancements/fy1012/2003113437-t.html">http://www.loc.gov/catdir/enhancements/fy1012/2003113437-t.html</a>
856 42 - ELECTRONIC LOCATION AND ACCESS
Materials specified Contributor biographical information
Uniform Resource Identifier <a href="http://www.loc.gov/catdir/enhancements/fy1110/2003113437-b.html">http://www.loc.gov/catdir/enhancements/fy1110/2003113437-b.html</a>
856 42 - ELECTRONIC LOCATION AND ACCESS
Materials specified Publisher description
Uniform Resource Identifier <a href="http://www.loc.gov/catdir/enhancements/fy1110/2003113437-d.html">http://www.loc.gov/catdir/enhancements/fy1110/2003113437-d.html</a>
906 ## - LOCAL DATA ELEMENT F, LDF (RLIN)
a 7
b cbc
c orignew
d 2
e epcn
f 20
g y-gencatlg
942 ## - ADDED ENTRY ELEMENTS (KOHA)
Source of classification or shelving scheme Library of Congress Classification
Koha item type Books
Call number prefix
Holdings
Withdrawn status Lost status Source of classification or shelving scheme Damaged status Home library Current library Shelving location Date acquired Total Checkouts Full call number Barcode Date last seen Copy number Price effective from Koha item type
    Library of Congress Classification   College Library College Library General Circulation Section 06/03/2013   PL 4163 .G619 2004 C7933 05/15/2018 1 04/18/2012 Books

Essential Thai phrase book /

APA

Golding M., . (2004). Essential Thai phrase book. Singapore: Berkeley Books Pte Ltd.

Chicago

Golding Michael, . 2004. Essential Thai phrase book. Singapore: Berkeley Books Pte Ltd.

Harvard

Golding M., . (2004). Essential Thai phrase book. Singapore: Berkeley Books Pte Ltd.

MLA

Golding Michael, . Essential Thai phrase book. Singapore: Berkeley Books Pte Ltd. 2004.

  • Place hold
  • Print
  • Cite
  • Add to your cart (remove)
  • Save record
    BIBTEX Dublin Core MARCXML MARC (non-Unicode/MARC-8) MARC (Unicode/UTF-8) MARC (Unicode/UTF-8, Standard) MODS (XML) RIS
  • More searches
    Search for this title in:
    Other Libraries (WorldCat) Other Databases (Google Scholar) Online Stores (Bookfinder.com) Open Library (openlibrary.org)

Exporting to Dublin Core...

SOUTHVILLE LIBRARY

Southville International School and Colleges Library

1281 Tropical Ave. Cor. Luxembourg St., BF Homes International, Las Pinas City

Tel. No. 8256374 / 252358 Loc. 117/146

Powered by Koha